01326nam a22002295i 4500001000700000003000900007005001700016008004100033040003000074080001800104080001400122100004800136245022900184260005600413300002700469490014700496650002400643650003800667830014700705852014300852852010100995158034ES-MaACL20250808063540.0030402s1884 sp |||| | spa d aCCPB | B bspa cCCPB | B a616.24-002.5  a579.873.21 aLópez García, Leopoldo,d1854-1932eaut10aDel bacilo de Koch en la tuberculosis :bimportancia del examen microscópico de los esputos en el diagnóstico de la misma y técnica especial para la investigación de dicho parásito / cpor Leopoldo López García aMadrid : b[s.n.], c1884f(Est. Tip. del Hospicio) a20 páginas ; c24 cm1 aBiblioteca de la Revista especial de oftalmología, dermatología, sifilografía y afecciones urinarias y Boletín de medicina y cirugía 7aTuberculosis2embne 7aMycobacterium tuberculosis2embne 0aBiblioteca de la Revista especial de oftalmología, dermatología, sifilografía y afecciones urinarias y Boletín de medicina y cirugía aES-MaACLcDEPOFgDed. ms. del autor a Manuel Sáenz Díez jT-621-F-9 xEnc. en un vol. facticioxHolandesa, falto de cubierta original  aES-MaACLcDEPOFjT-686-F-5 xEnc. en un vol. facticioxHolandesa, conservando cubierta original